Principles of cosmology and gravitation (Record no. 157013)

MARC details
000 -LEADER
fixed length control field 00506nam a22001697a 4500
005 - DATE AND TIME OF LATEST TRANSACTION
control field 20180905175415.0
010 ## - LCCN (DPL NO)
LC control number B-120661
020 ## - INTERNATIONAL STANDARD BOOK NUMBER
International Standard Book Number 8188689173
035 ## - SYSTEM CONTROL NUMBER
System control number B-120661
037 ## - SOURCE OF ACQUISITION
Source of stock number/acquisition Overseas Press India Pvt.Ltd.
082 ## - DEWEY DECIMAL CLASSIFICATION NUMBER
Classification number 523.1
100 ## - MAIN ENTRY--PERSONAL NAME
Personal name Berry, Michael
245 ## - TITLE STATEMENT
Title Principles of cosmology and gravitation
Statement of responsibility, etc Michael Berry
260 ## - PUBLICATION, DISTRIBUTION, ETC. (IMPRINT)
Place of publication, distribution, etc New Delhi
Name of publisher, distributor, etc Overseas Press India Pvt.Ltd.
Date of publication, distribution, etc 2005
300 ## - PHYSICAL DESCRIPTION
Extent 179p. (It include index)
Dimensions 22cm (pbk)
942 ## - ADDED ENTRY ELEMENTS (KOHA)
Source of classification or shelving scheme Dewey Decimal Classification
Item type English Books
Classification part 523.1
Call number suffix BER
Holdings
Withdrawn status Lost status Not for loan Collection code Home library Current library Date acquired Full call number Barcode Koha item type Public note
      Non-fiction Sarojini Nagar Sarojini Nagar 05/09/2018 523.1 BER B-120661 English Books Withdrawn List Prepared L.No.11/12

© Delhi Public Library
Hit Counter
free hit counter